Entre las cuerdas: cuadernos de un aprendiz de boxeador
Uloženo v:
| Hlavní autor: | |
|---|---|
| Médium: | Kniha |
| Jazyk: | španělština |
| Vydáno: |
Buenos Aires
Siglo Veintiuno
2006
|
| Vydání: | 1a. ed |
| Edice: | Sociología y Política
|
| Témata: | |
| Tagy: |
Přidat tag
Žádné tagy, Buďte první, kdo vytvoří štítek k tomuto záznamu!
|
MARC
| LEADER | 00000nam a2200000 a 4500 | ||
|---|---|---|---|
| 001 | UCI9770 | ||
| 003 | CL-VaPUC | ||
| 008 | 081212e20060000AG |||||||||||||||||spa|d | ||
| 020 | |a 9871220510 | ||
| 082 | 0 | 4 | |a 301 |b WAC |2 21 |
| 100 | 0 | |a Wacquant, Loic |e author |9 533697 | |
| 245 | 1 | 0 | |a Entre las cuerdas: cuadernos de un aprendiz de boxeador |
| 250 | |a 1a. ed | ||
| 300 | |a 251 p | ||
| 942 | |c BK | ||
| 945 | |d 20081212 00:00:00 |a rbrito | ||
| 260 | |a Buenos Aires |b Siglo Veintiuno |c 2006 | ||
| 650 | 0 | |a Sociología |9 255410 | |
| 650 | 0 | |a Boxeo |9 356465 | |
| 650 | 0 | |a Deportes |9 224367 | |
| 650 | 0 | |a Investigación social |9 307814 | |
| 583 | |a last modification |c 20081212 00:00:00 |k Rodrigo Vera | ||
| 490 | 0 | |a Sociología y Política | |
| 999 | |c 332237 |d 332235 | ||
| 952 | |0 0 |1 0 |4 0 |6 301_000000000000000_WAC_2006 |7 0 |8 A |9 419754 |a BIBGIM |b BIBGIM |d 2019-11-22 |i 4503627 |l 1 |o 301 WAC 2006 |p 4503627 |r 2025-01-15 |s 2024-09-24 |w 2019-11-22 |y BK |k SSL | ||